000 00522nam a2200145 a 4500
008 120416s1974 ||||||||||||||||| || u
050 _aHF 5415.2 Cha
100 _aChambers, John Carlton
245 1 0 _aAn executive's guide to forecasting
260 _aNew York
_bJohn Wiley and Sons
_c1974
300 _axi, 308p. : ill.
350 _a0.00
700 _aSmith, Donald D
995 _D0.00
_FCBU-MAIN LIBRARY (Kitwe)
_H1
_I0.00
_M1
_UDAMAGED
_ZMain Library Open Access Collection
999 _c42850
_d42850